000
00373nam a2200169Ia 4500
005
20250423101506.0
008
250422s9999 xx 000 0 und d
020
_a
20920
050
_a
KD 600 .M6/
100
_a
Mohammed Bin Ismail
245
4
_a
The way to Peace
260
_a
Egypt
260
_b
Dareem Ibn Ishem
260
_c
2005
300
_a
237 p
942
_c
BK
999
_c
36443
_d
36443